书目信息 |
| 题名: |
病夫治国
|
|
| 作者: | 阿考斯 , 郎契尼克 著 ;何逸之 译 | |
| 分册: | ||
| 出版信息: | 北京 新华出版社 1981 |
|
| 页数: | 333页 | |
| 开本: | 21cm | |
| 丛书名: | ||
| 单 册: | ||
| 中图分类: | K812.5 , D771.23 | |
| 科图分类: | ||
| 主题词: | 人物--列传--世界--现代 , 政治 | |
| 电子资源: | ||
| ISBN: | ||
| 000 | 00762nam0 2200289 45 | |
| 001 | 0181009579 | |
| 005 | 20040425090252.5 | |
| 010 | @dCNY1.00 | |
| 091 | @a3203.008 | |
| 100 | @a19950606d1981 em y0chiy0121 ea | |
| 101 | 1 | @achi |
| 102 | @aCN@b110000 | |
| 105 | @ay z 000yc | |
| 106 | @ar | |
| 200 | 10 | @a病夫治国@Abing fu zhi guo@f()阿考斯,郎契尼克著@g何逸之译 |
| 210 | @a北京@c新华出版社@d1981 | |
| 215 | @a333页@d21cm | |
| 606 | @a人物@x列传@y世界@z现代 | |
| 606 | 0 | @a政治 |
| 690 | @aK812.5@v3 | |
| 690 | @aD771.23 | |
| 701 | 1 | @a阿考斯@Aa kao si@4著 |
| 701 | 1 | @a郎契尼克@Alang qie ni ke@4著 |
| 702 | 0 | @a何逸之@Ahe yi zhi@4译 |
| 801 | 0 | @aCN@b上海图书馆@c20040425 |
| 801 | 2 | @aCN@bNLC@c20040425 |
| 905 | @f5@b68382-386@dD771.23@e42 | |
| 病夫治国/()阿考斯,郎契尼克著/何逸之译.-北京:新华出版社,1981 |
| 333页;21cm |
| ISBN :CNY1.00 |
| ● |
| 相关链接 |
|
|
|
|
正题名:病夫治国
索取号:D771.23/42
 
预约/预借
| 序号 | 登录号 | 条形码 | 馆藏地/架位号 | 状态 | 备注 |
| 1 | 0068382 | 001015546 | 密集书库/ [索取号:D771.23/42] | 在馆 | |
| 2 | 0068383 | 001015500 | 第一样本阅览室/ [索取号:D771.23/42] | 在馆 | |
| 3 | 0068384 | 001015519 | 密集书库/ [索取号:D771.23/42] | 在馆 | |
| 4 | 0068385 | 001015528 | 第一借阅区/ [索取号:D771.23/42] | 在馆 | |
| 5 | 0068386 | 001015537 | 密集书库/ [索取号:D771.23/42] | 在馆 |